[Event "Kaupthing Open Differdange"]
[Site "Differdange"]
[Date "2007.07.08"]
[Round "2.11"]
[White "Kasparov, Sergey"]
[Black "Lagerman, Robert"]
[Result "0-1"]
[WhiteElo "2500"]
[BlackElo "2315"]
[PlyCount "132"]
[EventType "swiss"]
[EventCountry "LUX"]

1. d4 Nf6 2. Nc3 c5 3. d5 d6 4. e4 g6 5. Nf3 Bg4 6. Be2 Bg7 7. O-O O-O 8. Nd2
Bxe2 9. Qxe2 Na6 10. Nc4 Nc7 11. a4 e6 12. dxe6 Nxe6 13. Qd3 Ng4 14. Nd5 Ne5
15. Nxe5 dxe5 16. Be3 f5 17. f3 fxe4 18. Qxe4 Qd7 19. Rad1 Qf7 20. c3 Rad8 21.
Bf2 b6 22. Qc4 Kh8 23. Ne3 Rxd1 24. Rxd1 Rd8 25. Rxd8+ Nxd8 26. Qxf7 Nxf7 27.
Kf1 Nd6 28. Ke2 Kg8 29. Kd3 Kf7 30. Nc4 Ne8 31. a5 b5 32. Na3 c4+ 33. Nxc4
bxc4+ 34. Kxc4 a6 35. Kc5 Ke6 36. Kb6 Kd7 37. c4 e4 38. b4 exf3 39. gxf3 Nc7
40. Bg3 Bd4+ 41. Kb7 Ne6 42. Kxa6 Kc6 43. b5+ Kc5 44. b6 Kc6 45. Ka7 Nc5 46.
Ka8 Be3 47. h3 Bd4 48. Be1 Be3 49. Bh4 Bd2 50. b7 Nxb7 51. a6 Nc5 52. Kb8 Nxa6+
53. Kc8 Ba5 54. Bd8 Bb4 55. Bh4 Ba5 56. Bd8 Bb4 57. Bh4 Nc5 58. Kd8 Kd6 59. Ke8
Ke6 60. Be7 h5 61. Bf8 Nd3 62. Bxb4 Nxb4 63. c5 Nc6 64. Kf8 Kf5 65. Kg7 g5 66.
Kh6 h4 0-1

[Event "Kaupthing Open Differdange"]
[Site "Differdange"]
[Date "2007.07.08"]
[Round "2.15"]
[White "Hoffmann, Michael"]
[Black "Christen, Pierre"]
[Result "1-0"]
[WhiteElo "2481"]
[BlackElo "2060"]
[PlyCount "95"]
[EventType "swiss"]
[EventCountry "LUX"]

1. e4 Nf6 2. e5 Nd5 3. d4 d6 4. c4 Nb6 5. exd6 exd6 6. Nc3 Be7 7. Bd3 Nc6 8.
Nge2 O-O 9. b3 Bf6 10. Be3 Ne7 11. Qc2 g6 12. Ng3 d5 13. c5 Nd7 14. O-O Re8 15.
Rad1 Nf8 16. h3 Nc6 17. Bb5 a6 18. Bxc6 bxc6 19. Rfe1 Ne6 20. Qd2 a5 21. Nf1
Ba6 22. Nh2 h5 23. Nf3 Ng7 24. Bg5 Ne6 25. Bxf6 Qxf6 26. Re3 Re7 27. Rde1 Rae8
28. Nd1 a4 29. bxa4 g5 30. Re5 g4 31. hxg4 hxg4 32. Nh2 g3 33. fxg3 Qg6 34. Nf2
f6 35. R5e3 Kf7 36. Nf3 Ng5 37. Nxg5+ fxg5 38. Rxe7+ Rxe7 39. Rxe7+ Kxe7 40. g4
Kf6 41. Qe3 Kf7 42. Nh3 Qb1+ 43. Kh2 Qh7 44. Qxg5 Qe4 45. Qf5+ Ke7 46. Qxe4+
dxe4 47. Kg3 Ke6 48. Nf4+ 1-0

[Event "Kaupthing Open Differdange"]
[Site "Differdange"]
[Date "2007.07.08"]
[Round "2.16"]
[White "Brittner, Serge"]
[Black "Feller, Sebastien"]
[Result "0-1"]
[WhiteElo "2294"]
[BlackElo "2478"]
[PlyCount "70"]
[EventType "swiss"]
[EventCountry "LUX"]

1. d4 d5 2. c4 c6 3. Nf3 Nf6 4. e3 Bg4 5. h3 Bxf3 6. Qxf3 e6 7. Nc3 Nbd7 8.
cxd5 cxd5 9. Bd3 Bb4 10. Bd2 Rc8 11. Qe2 a6 12. O-O O-O 13. a3 Be7 14. Rfc1 Nb6
15. Be1 Qd7 16. f3 Ne8 17. Bf2 Nd6 18. a4 Nbc4 19. e4 Na5 20. Re1 dxe4 21. Nxe4
Rfe8 22. Nc5 Qd8 23. Rad1 Nc6 24. Bb1 Bh4 25. g3 Bf6 26. Ne4 Nb4 27. Nxd6 Qxd6
28. Qe4 g6 29. Qxb7 Nd5 30. Bd3 Rc6 31. Qb3 Bxd4 32. Kg2 Bxf2 33. Kxf2 Rb8 34.
Qa3 Qc7 35. Re2 Qb6+ 0-1

[Event "Kaupthing Open Differdange"]
[Site "Differdange"]
[Date "2007.07.08"]
[Round "2.17"]
[White "Lobzhanidze, Davit"]
[Black "Linster, Philippe"]
[Result "1-0"]
[WhiteElo "2470"]
[BlackElo "2053"]
[PlyCount "101"]
[EventType "swiss"]
[EventCountry "LUX"]

1. e4 c5 2. Nf3 a6 3. c3 d5 4. exd5 Qxd5 5. d4 e6 6. Bd3 Nf6 7. O-O cxd4 8.
cxd4 Nc6 9. Nc3 Qd8 10. Bg5 Be7 11. a3 O-O 12. Rc1 Nd5 13. Ne4 Nxd4 14. Bxe7
Nxf3+ 15. Qxf3 Qxe7 16. Bc4 b5 17. Bxd5 exd5 18. Nc5 Be6 19. Rfd1 Rfc8 20. b4
Qg5 21. Qc3 h5 22. Rd4 h4 23. Re1 h3 24. Qg3 Qxg3 25. hxg3 Re8 26. gxh3 Bxh3
27. Rxe8+ Rxe8 28. Rxd5 Bg4 29. Kg2 Ra8 30. f3 Be6 31. Nxe6 fxe6 32. Rd6 a5 33.
Rxe6 axb4 34. axb4 Ra4 35. Re4 Kf7 36. Kh3 Kf6 37. Kg4 Kg6 38. Kf4 Kf6 39. Rd4
Kg6 40. Ke4 Kf6 41. Kd5 Ra3 42. Rf4+ Ke7 43. Kc5 g5 44. Rf5 g4 45. fxg4 Rxg3
46. Rf4 Re3 47. Kxb5 Kd6 48. Kb6 Re8 49. g5 Rg8 50. Rg4 Kd5 51. g6 1-0

[Event "Kaupthing Open Differdange"]
[Site "Differdange"]
[Date "2007.07.08"]
[Round "2.18"]
[White "Barthel, Ansgar"]
[Black "Steingrimsson, Hedinn"]
[Result "0-1"]
[WhiteElo "2182"]
[BlackElo "2470"]
[PlyCount "68"]
[EventType "swiss"]
[EventCountry "LUX"]

1. e4 c5 2. b3 d6 3. Bb2 e5 4. f4 Nc6 5. Nf3 exf4 6. Bb5 Nf6 7. Nc3 Be7 8. e5
Nh5 9. Bxc6+ bxc6 10. exd6 Qxd6 11. O-O Bf5 12. Na4 O-O 13. Ne5 Bg6 14. d3 Bf6
15. Nc4 Bd4+ 16. Kh1 Qe7 17. Qg4 Rfe8 18. Rad1 f5 19. Qh3 Qe2 20. c3 Be3 21.
Qf3 Qxf3 22. gxf3 Nf6 23. Ba3 Nd5 24. Nd6 Reb8 25. Rfe1 a5 26. Nc4 Re8 27. Nab6
Bh5 28. Kg2 Ra6 29. Nxd5 cxd5 30. Nxe3 fxe3 31. Bxc5 Rg6+ 32. Kf1 Bxf3 33. Rc1
f4 34. Rc2 Bg4 0-1

[Event "Kaupthing Open Differdange"]
[Site "Differdange"]
[Date "2007.07.08"]
[Round "2.19"]
[White "Jaenig, Reinhard"]
[Black "Rohit, Goginenni"]
[Result "0-1"]
[WhiteElo "2169"]
[BlackElo "2470"]
[PlyCount "60"]
[EventType "swiss"]
[EventCountry "LUX"]

1. e4 c5 2. Nf3 e6 3. d4 cxd4 4. Nxd4 a6 5. Be2 Nf6 6. Nc3 Qc7 7. O-O Be7 8. a4
O-O 9. a5 Bb4 10. Nb3 Bxc3 11. bxc3 Nxe4 12. Bd3 Nxc3 13. Qh5 f5 14. Bb2 d5 15.
Rfe1 e5 16. Ba3 Rf7 17. Re3 Nd7 18. Rae1 e4 19. Bb4 Nf6 20. Qg5 f4 21. Bxc3
fxe3 22. Bxf6 exf2+ 23. Kxf2 Rxf6+ 24. Kg1 Rf5 25. Qh4 exd3 26. Re7 d2 27. Nxd2
Qc5+ 28. Kh1 Rf7 29. Re8+ Rf8 30. Re7 Qf2 0-1

[Event "Kaupthing Open Differdange"]
[Site "Differdange"]
[Date "2007.07.08"]
[Round "2.20"]
[White "Georgiev, Vladimir"]
[Black "Weller, Manuel"]
[Result "1-0"]
[WhiteElo "2567"]
[BlackElo "1958"]
[PlyCount "59"]
[EventType "swiss"]
[EventCountry "LUX"]

1. d4 Nf6 2. c4 e6 3. Nc3 Bb4 4. e3 b6 5. Nge2 Ne4 6. Bd2 Nxd2 7. Qxd2 Bb7 8.
d5 O-O 9. g3 d6 10. Bg2 e5 11. O-O Nd7 12. f4 Bxc3 13. Nxc3 f5 14. e4 exf4 15.
gxf4 fxe4 16. Nxe4 h6 17. Bh3 Nf6 18. Be6+ Kh8 19. Rae1 Qe8 20. Ng3 Qg6 21. Kh1
Qh7 22. f5 Rae8 23. Qd4 Bc8 24. Re2 Ba6 25. Rg2 Bb7 26. Ne2 Bc8 27. Nf4 Bxe6
28. dxe6 a5 29. Ng6+ Kg8 30. Rfg1 1-0

[Event "Kaupthing Open Differdange"]
[Site "Differdange"]
[Date "2007.07.08"]
[Round "2.21"]
[White "Sulava, Nenad"]
[Black "Mamedjarova, Turkan"]
[Result "1/2-1/2"]
[WhiteElo "2544"]
[BlackElo "2254"]
[PlyCount "46"]
[EventType "swiss"]
[EventCountry "LUX"]

1. d4 Nf6 2. Nf3 e6 3. c4 d5 4. Nc3 c6 5. Bg5 Be7 6. e3 O-O 7. Bd3 Nbd7 8. O-O
h6 9. Bh4 b6 10. cxd5 cxd5 11. Ne5 Bb7 12. f4 Ne4 13. Bxe7 Qxe7 14. Bxe4 dxe4
15. Rc1 Nf6 16. f5 exf5 17. Rxf5 Nd5 18. Qd2 Qe6 19. Rcf1 f6 20. Ng6 Rfd8 21.
g4 Qf7 22. Nh4 Bc8 23. Nxd5 Rxd5 1/2-1/2

[Event "Kaupthing Open Differdange"]
[Site "Differdange"]
[Date "2007.07.08"]
[Round "2.22"]
[White "Korman, Maxim"]
[Black "Schebler, Gerhard"]
[Result "1/2-1/2"]
[WhiteElo "2061"]
[BlackElo "2496"]
[PlyCount "105"]
[EventType "swiss"]
[EventCountry "LUX"]

1. e4 g6 2. Nc3 Bg7 3. g3 c5 4. Bg2 Nc6 5. d3 d6 6. Be3 e6 7. Qd2 Bd7 8. Nge2
Nd4 9. Nd1 Nxe2 10. Qxe2 Ne7 11. Qd2 O-O 12. Bh6 Bxh6 13. Qxh6 Kh8 14. O-O Bc6
15. Qd2 f6 16. Ne3 Qd7 17. d4 cxd4 18. Qxd4 e5 19. Qd2 Rad8 20. f4 Qe6 21. Nd5
Bxd5 22. exd5 Qc8 23. Qb4 Qc7 24. Rad1 b6 25. c3 Kg7 26. Rf2 a5 27. Qb5 f5 28.
fxe5 dxe5 29. d6 Rxd6 30. Qxe5+ Rff6 31. Rxd6 Qxd6 32. Re2 Qxe5 33. Rxe5 Kf7
34. Bd5+ Ke8 35. Re6 Rxe6 36. Bxe6 Kd8 37. Kf2 Kc7 38. Ke3 Kd6 39. Bb3 Ke5 40.
Bf7 g5 41. a3 Nc8 42. b4 Nd6 43. Bg8 h6 44. c4 axb4 45. axb4 Ne4 46. Bd5 Nc3
47. Bf3 Na2 48. c5 bxc5 49. bxc5 Nb4 50. c6 f4+ 51. gxf4+ gxf4+ 52. Ke2 Kd6 53.
Be4 1/2-1/2

[Event "Kaupthing Open Differdange"]
[Site "Differdange"]
[Date "2007.07.08"]
[Round "2.23"]
[White "Meijers, Viesturs"]
[Black "Schweitzer, Viktoriya"]
[Result "1-0"]
[WhiteElo "2483"]
[BlackElo "2243"]
[PlyCount "69"]
[EventType "swiss"]
[EventCountry "LUX"]

1. e4 e5 2. Nf3 Nc6 3. Bb5 g6 4. d4 exd4 5. Bg5 f6 6. Bf4 a6 7. Bxc6 dxc6 8.
Qxd4 Qxd4 9. Nxd4 Bd6 10. Bg3 c5 11. Nb3 Be6 12. Nc3 Ne7 13. Na4 Bxb3 14. axb3
O-O-O 15. O-O-O Bxg3 16. hxg3 Rxd1+ 17. Kxd1 b6 18. g4 Nc6 19. Kc1 Re8 20. f3
Re7 21. Nc3 Nb4 22. Ne2 Kd7 23. c3 Nd3+ 24. Kc2 Ne5 25. Rd1+ Kc8 26. Nf4 a5 27.
Nd5 Rf7 28. Kd2 Kb7 29. Ke2 c4 30. bxc4 Nxc4 31. b3 Ne5 32. Rh1 c6 33. Ne3 b5
34. c4 bxc4 35. f4 1-0

[Event "Kaupthing Open Differdange"]
[Site "Differdange"]
[Date "2007.07.08"]
[Round "2.24"]
[White "Smokina, Karolina"]
[Black "Ajrapetjan, Yuriy"]
[Result "0-1"]
[WhiteElo "2205"]
[BlackElo "2387"]
[PlyCount "160"]
[EventType "swiss"]
[EventCountry "LUX"]

1. d4 Nf6 2. c4 e6 3. Nc3 Bb4 4. e3 O-O 5. a3 Bxc3+ 6. bxc3 c5 7. Bd3 Nc6 8.
Ne2 d6 9. Ng3 b6 10. O-O Ba6 11. f4 Na5 12. Qe2 d5 13. cxd5 Bxd3 14. Qxd3 exd5
15. Ra2 Rc8 16. f5 Re8 17. Re2 Nb3 18. Qb1 Nxc1 19. Rxc1 Ng4 20. Nf1 Qg5 21.
Rce1 h5 22. e4 cxd4 23. cxd4 dxe4 24. Rxe4 Rxe4 25. Qxe4 Nf6 26. Qf3 Rc2 27. d5
Rc1 28. h4 Qh6 29. Re3 Ng4 30. Re8+ Kh7 31. g3 Qd2 32. Re2 Qd4+ 33. Kg2 Rd1 34.
Qe4 Qxd5 35. a4 Qxe4+ 36. Rxe4 Ra1 37. Rd4 Ra2+ 38. Kg1 Ne5 39. Rf4 Re2 40. f6
g6 41. Nh2 Kh6 42. Rb4 g5 43. a5 bxa5 44. Ra4 g4 45. Rxa5 Nc6 46. Rc5 Re6 47.
Nf1 Nd4 48. Rc7 Re2 49. Nh2 Kg6 50. Rxa7 Kxf6 51. Ra5 Kg6 52. Rg5+ Kh6 53. Rd5
Rd2 54. Rd6+ Kg7 55. Ra6 Ne2+ 56. Kf2 Nc3+ 57. Kg1 Ne4 58. Nf1 Rd1 59. Kg2 Rxf1
60. Kxf1 Nxg3+ 61. Kf2 Nf5 62. Ra1 Kg6 63. Rh1 f6 64. Kg2 Nd4 65. Rd1 Ne6 66.
Rd6 Kf5 67. Ra6 Ke5 68. Ra5+ Ke4 69. Ra6 Kd5 70. Ra5+ Ke4 71. Ra6 Nf4+ 72. Kg3
Nd5 73. Kf2 f5 74. Rh6 f4 75. Rxh5 g3+ 76. Kg1 f3 77. Rh8 f2+ 78. Kg2 Ne3+ 79.
Kxg3 f1=Q 80. Re8+ Kd4 0-1

[Event "Kaupthing Open Differdange"]
[Site "Differdange"]
[Date "2007.07.08"]
[Round "2.25"]
[White "Mamedjarova, Zeinab"]
[Black "Herbold, Manfred"]
[Result "1/2-1/2"]
[WhiteElo "2384"]
[BlackElo "2167"]
[PlyCount "84"]
[EventType "swiss"]
[EventCountry "LUX"]

1. c4 g6 2. g3 Bg7 3. Bg2 c5 4. d3 Nc6 5. Nc3 a6 6. Nf3 Rb8 7. O-O b5 8. Nd2
Nf6 9. Nb3 bxc4 10. dxc4 Rb4 11. a3 Rxc4 12. Bxc6 Rxc3 13. bxc3 c4 14. Bg2 cxb3
15. Qxb3 h5 16. Be3 Qa5 17. Qb4 Qf5 18. Qc5 d5 19. h4 O-O 20. Rab1 Ne4 21. Qxe7
Nxc3 22. Rbe1 Qc2 23. Bc5 Be6 24. Bf3 Rc8 25. Be3 Rc4 26. Bg5 Kh7 27. Bf6 Rc7
28. Qxc7 Nxe2+ 29. Rxe2 Qxc7 30. Bxg7 Kxg7 31. Rd1 Qc5 32. Re3 a5 33. Red3 a4
34. R1d2 d4 35. Bd1 Bb3 36. Rxd4 Qxa3 37. Kg2 Qc1 38. R4d3 Qb1 39. Kh2 Qc1 40.
Kg2 Qb1 41. Kh2 Qc1 42. Kg2 Qb1 1/2-1/2

[Event "Kaupthing Open Differdange"]
[Site "Differdange"]
[Date "2007.07.08"]
[Round "2.26"]
[White "Wagner, Steven"]
[Black "Jansa, Vlastimil"]
[Result "0-1"]
[WhiteElo "2120"]
[BlackElo "2494"]
[PlyCount "94"]
[EventType "swiss"]
[EventCountry "LUX"]

1. e4 c5 2. a3 e6 3. b4 cxb4 4. axb4 Bxb4 5. Bb2 Nf6 6. e5 Nd5 7. c4 Ne7 8. Nc3
O-O 9. Ne4 Nbc6 10. Qh5 Ng6 11. Nf3 h6 12. c5 Nce7 13. g3 b6 14. Bd3 Bb7 15.
O-O Bxe4 16. Bxe4 Rc8 17. cxb6 axb6 18. Ra4 Ba5 19. Rfa1 Nc6 20. Ba3 b5 21.
Bxf8 bxa4 22. Bd6 Bc7 23. Rxa4 Bxd6 24. exd6 Qf8 25. Kg2 Nh8 26. Qc5 f5 27. Bd3
Nf7 28. g4 Nce5 29. Qb5 Nxf3 30. Kxf3 fxg4+ 31. Kg2 Qxd6 32. Rxg4 Ne5 33. Rg3
Qc6+ 34. Kh3 Qxb5 35. Bxb5 Rc5 36. Rb3 Rd5 37. d3 Rd4 38. Kg2 Kf7 39. h3 Ke7
40. Kg3 g5 41. Ra3 h5 42. Ba6 h4+ 43. Kg2 Ng6 44. Bb7 Nf4+ 45. Kf3 Rxd3+ 46.
Rxd3 Nxd3 47. Ke3 Nf4 0-1

[Event "Kaupthing Open Differdange"]
[Site "Differdange"]
[Date "2007.07.08"]
[Round "2.29"]
[White "Ristic, Alexandre"]
[Black "Wagener, Anna"]
[Result "1/2-1/2"]
[WhiteElo "2094"]
[BlackElo "2292"]
[PlyCount "69"]
[EventType "swiss"]
[EventCountry "LUX"]

1. e4 c5 2. Nf3 Nc6 3. g3 g6 4. Bg2 Bg7 5. O-O e5 6. c3 Nge7 7. d3 O-O 8. a3 d5
9. b4 cxb4 10. axb4 dxe4 11. dxe4 Be6 12. Be3 Qc7 13. Qa4 a6 14. Nbd2 Rfd8 15.
b5 Nb8 16. c4 h6 17. Rfc1 Nd7 18. c5 axb5 19. Qxb5 Nc6 20. Rab1 Ra7 21. Nc4 Nd4
22. Bxd4 exd4 23. Nb6 Nb8 24. Nd2 Nc6 25. Nd5 Qa5 26. Nc4 Qxb5 27. Rxb5 d3 28.
Rcb1 f5 29. Nd6 fxe4 30. Bxe4 Nd4 31. Ne7+ Kh8 32. Nxg6+ Kg8 33. Ne7+ Kh8 34.
Ng6+ Kg8 35. Ne7+ 1/2-1/2

[Event "Kaupthing Open Differdange"]
[Site "Differdange"]
[Date "2007.07.08"]
[Round "2.30"]
[White "Bednarich, Jan"]
[Black "Steil Antoni, Fiona"]
[Result "1-0"]
[WhiteElo "2279"]
[BlackElo "2065"]
[PlyCount "73"]
[EventType "swiss"]
[EventCountry "LUX"]

1. e4 e5 2. Nf3 Nc6 3. Bb5 a6 4. Ba4 Nf6 5. O-O Nxe4 6. d4 b5 7. Bb3 d5 8. dxe5
Be6 9. Be3 Be7 10. c3 O-O 11. Nbd2 Nxd2 12. Qxd2 Na5 13. Bc2 Nc4 14. Qd3 g6 15.
Bc1 Re8 16. Re1 Qd7 17. Nd4 Bf8 18. Qg3 Bg7 19. f4 c5 20. Nxe6 fxe6 21. b3 Na5
22. Be3 Qe7 23. Rad1 Rac8 24. Rd2 Rf8 25. Bd1 Nc6 26. Bg4 Rce8 27. h4 Bh6 28.
Rf2 d4 29. cxd4 Nxd4 30. h5 Nf5 31. Bxf5 Rxf5 32. hxg6 Kg7 33. gxh7+ Kxh7 34.
Qh3 Qf7 35. g4 Rg8 36. Kf1 Qd7 37. Rd2 1-0

[Event "Kaupthing Open Differdange"]
[Site "Differdange"]
[Date "2007.07.08"]
[Round "2.31"]
[White "Lehnert, Michael"]
[Black "Graf, Felix"]
[Result "1-0"]
[WhiteElo "2064"]
[BlackElo "2273"]
[PlyCount "53"]
[EventType "swiss"]
[EventCountry "LUX"]

1. c4 e6 2. Nc3 Bb4 3. e4 b6 4. a3 Bxc3 5. dxc3 Bb7 6. Qg4 g6 7. e5 f5 8. Qg3
Qe7 9. h4 Qg7 10. h5 Ne7 11. Bg5 gxh5 12. Be2 Ng6 13. Bf6 Qf8 14. Bxh8 Qxh8 15.
Bxh5 Qg7 16. Bxg6+ hxg6 17. Qh2 Nc6 18. Qh8+ Kf7 19. Qxg7+ Kxg7 20. O-O-O Rd8
21. Nf3 Bc8 22. Nd4 Nxd4 23. Rxd4 Rh8 24. Rxh8 Kxh8 25. b4 c5 26. Rd6 Kg7 27.
a4 1-0

[Event "Kaupthing Open Differdange"]
[Site "Differdange"]
[Date "2007.07.08"]
[Round "2.32"]
[White "Holm, Sejer"]
[Black "Mauquoi, Rudi"]
[Result "1-0"]
[WhiteElo "2262"]
[BlackElo "2064"]
[PlyCount "143"]
[EventType "swiss"]
[EventCountry "LUX"]

1. d4 Nf6 2. c4 e6 3. Nf3 b6 4. e3 Bb7 5. Bd3 Be7 6. O-O O-O 7. b3 d5 8. Bb2 c5
9. Nbd2 Nc6 10. Rc1 Rc8 11. Qe2 Qc7 12. Rfd1 Rfd8 13. cxd5 Nxd5 14. dxc5 bxc5
15. Bb1 a5 16. Nc4 Ba6 17. Qc2 g6 18. a3 Rb8 19. e4 Nf6 20. Nce5 Qb7 21. Nxc6
Rxd1+ 22. Rxd1 Qxc6 23. Be5 Rd8 24. Rxd8+ Bxd8 25. Nd2 Ng4 26. Bg3 Qb5 27. h3
Nf6 28. Bf4 Nh5 29. Be3 Be7 30. g4 Nf6 31. a4 Qe2 32. Nc4 Qe1+ 33. Kg2 Bb7 34.
f3 Nd7 35. Bf2 Qb4 36. Qd1 Bc6 37. Be1 Qb8 38. Nxa5 Qc7 39. Nxc6 Qxc6 40. Bd3
Ne5 41. Bb5 Qb7 42. Bc3 Qc7 43. a5 h5 44. a6 h4 45. f4 Nc6 46. Bxc6 Qxc6 47.
Qd3 Qc7 48. Be5 Qa5 49. g5 Qa2+ 50. Kf3 Qh2 51. Kg4 Qg2+ 52. Kxh4 f6 53. Bxf6
Qf2+ 54. Qg3 Qe2 55. Qg1 Bd6 56. e5 Bb8 57. Kg3 Qxa6 58. Qd1 Qb6 59. Qd8+ Qxd8
60. Bxd8 Ba7 61. Kf3 Kf7 62. Ke4 Ke8 63. Ba5 Kd7 64. Kd3 c4+ 65. bxc4 Bf2 66.
Bd2 Kc6 67. Be3 Be1 68. Ke2 Bc3 69. h4 Bb4 70. Kf3 Bf8 71. Kg4 Kd7 72. h5 1-0

[Event "Kaupthing Open Differdange"]
[Site "Differdange"]
[Date "2007.07.08"]
[Round "2.33"]
[White "Sorm, Daniel"]
[Black "Oud, Niek"]
[Result "1-0"]
[WhiteElo "2250"]
[BlackElo "2058"]
[PlyCount "147"]
[EventType "swiss"]
[EventCountry "LUX"]

1. d4 d5 2. Nf3 Nf6 3. c4 e6 4. Nc3 Be7 5. cxd5 exd5 6. Bg5 O-O 7. e3 c6 8. Qc2
Re8 9. Bd3 Nbd7 10. O-O-O Nf8 11. Rdg1 Be6 12. Bxf6 Bxf6 13. g4 Be7 14. h4 Qd6
15. g5 c5 16. h5 c4 17. Bf5 a6 18. g6 fxg6 19. hxg6 h6 20. Rh5 Red8 21. Bxe6+
Qxe6 22. Re5 Qf6 23. Qf5 Qxf5 24. Rxf5 Rd6 25. Nxd5 Re8 26. Nf4 b5 27. e4 Bg5
28. e5 Bxf4+ 29. Rxf4 Rxg6 30. Rxf8+ Rxf8 31. Rxg6 Rxf3 32. Rxa6 Rd3 33. Rd6
Kf7 34. f4 h5 35. f5 h4 36. f6 gxf6 37. Rxf6+ Ke7 38. Rf4 h3 39. Rh4 Ke6 40.
Kc2 Kd5 41. b3 Rxd4 42. Rxh3 Re4 43. Kc3 Rxe5 44. Kb4 cxb3 45. axb3 Kc6 46.
Rh6+ Kb7 47. Ka5 Rg5 48. Rb6+ Ka7 49. Rxb5 Rg1 50. Rh5 Ra1+ 51. Kb5 Kb7 52.
Rh7+ Kc8 53. b4 Rb1 54. Kc5 Rc1+ 55. Kb6 Rb1 56. b5 Rb2 57. Rh8+ Kd7 58. Ka6
Ra2+ 59. Kb7 Rb2 60. b6 Rb1 61. Rh2 Rd1 62. Rc2 Rd3 63. Rc4 Rd1 64. Kb8 Rb1 65.
Ka7 Ra1+ 66. Kb7 Rb1 67. Rd4+ Ke7 68. Ka7 Ra1+ 69. Kb8 Rb1 70. b7 Rb2 71. Kc7
Rc2+ 72. Kb6 Rb2+ 73. Kc6 Rc2+ 74. Kb5 1-0

[Event "Kaupthing Open Differdange"]
[Site "Differdange"]
[Date "2007.07.08"]
[Round "2.34"]
[White "Struk, Jerzy"]
[Black "Preiss, Veronika"]
[Result "1-0"]
[WhiteElo "2240"]
[BlackElo "2039"]
[PlyCount "69"]
[EventType "swiss"]
[EventCountry "LUX"]

1. e4 d6 2. d4 Nf6 3. Nc3 g6 4. f4 Bg7 5. Nf3 c5 6. Bb5+ Bd7 7. e5 Ng4 8. Bxd7+
Qxd7 9. d5 dxe5 10. h3 e4 11. Nxe4 Nf6 12. Nxf6+ Bxf6 13. O-O O-O 14. Ne5 Qd6
15. Qf3 Nd7 16. Ng4 Bd4+ 17. Kh1 Nb6 18. c3 Bg7 19. Ne3 Rad8 20. a4 Nxd5 21.
Rd1 Qxf4 22. Rxd5 Qxf3 23. gxf3 Rxd5 24. Nxd5 Rd8 25. Ne3 f5 26. Kg2 f4 27. Nc4
Rd1 28. Nd2 Be5 29. Ne4 c4 30. b3 Re1 31. bxc4 Re2+ 32. Kf1 Rh2 33. Nf2 Bxc3
34. Ra2 Bd4 35. Bxf4 1-0

[Event "Kaupthing Open Differdange"]
[Site "Differdange"]
[Date "2007.07.08"]
[Round "2.36"]
[White "Risch, Michel"]
[Black "Boos, Markus"]
[Result "0-1"]
[WhiteElo "2030"]
[BlackElo "2216"]
[PlyCount "62"]
[EventType "swiss"]
[EventCountry "LUX"]

1. d4 Nf6 2. c4 c5 3. d5 e6 4. Nc3 exd5 5. cxd5 d6 6. e4 g6 7. h3 Bg7 8. Bd3
O-O 9. Nf3 a6 10. a4 Nh5 11. Qb3 Nd7 12. Bg5 Bf6 13. Be3 Ne5 14. Nxe5 Bxe5 15.
Be2 Nf4 16. Bf1 g5 17. g3 Ng6 18. Bd3 Qf6 19. Be2 Qe7 20. Bg4 f5 21. Bxf5 Bxf5
22. exf5 Rxf5 23. Ne2 Raf8 24. O-O Rf3 25. Rae1 Nf4 26. gxf4 gxf4 27. Nxf4 Bxf4
28. Bxf4 Qg7+ 29. Kh2 Rxb3 30. Bxd6 Rxh3+ 31. Kxh3 Qh6+ 0-1

[Event "Kaupthing Open Differdange"]
[Site "Differdange"]
[Date "2007.07.08"]
[Round "2.38"]
[White "Penzel, Nils"]
[Black "Mertens, Marc"]
[Result "1/2-1/2"]
[WhiteElo "2002"]
[BlackElo "2207"]
[PlyCount "69"]
[EventType "swiss"]
[EventCountry "LUX"]

1. d4 Nf6 2. Nf3 g6 3. c4 Bg7 4. Nc3 d5 5. Qb3 dxc4 6. Qxc4 O-O 7. e4 a6 8. e5
b5 9. Qe2 Nfd7 10. g3 c5 11. e6 fxe6 12. Bh3 cxd4 13. Bxe6+ Kh8 14. Ne4 Ne5 15.
Nxe5 Bxe6 16. Bf4 Qd5 17. Nd3 Nd7 18. O-O Bh3 19. Rfc1 e5 20. Bd2 Rfc8 21. Nb4
Qg8 22. g4 h5 23. f3 hxg4 24. fxg4 Qh7 25. Nf2 Rf8 26. Bg5 Rf7 27. Rc7 Raf8 28.
Nbd3 Kg8 29. Rac1 Bf6 30. Bxf6 Rxf6 31. Nxh3 Qxh3 32. Rxd7 e4 33. Ne5 d3 34.
Nxd3 exd3 35. Rxd3 1/2-1/2

[Event "Kaupthing Open Differdange"]
[Site "Differdange"]
[Date "2007.07.08"]
[Round "2.39"]
[White "Beukema, Stefan"]
[Black "Zelbel, Patrick"]
[Result "0-1"]
[WhiteElo "1994"]
[BlackElo "2193"]
[PlyCount "60"]
[EventType "swiss"]
[EventCountry "LUX"]

1. e4 c5 2. Nf3 d6 3. d4 cxd4 4. Nxd4 Nf6 5. Nc3 a6 6. f4 e5 7. Nf3 Nbd7 8. Bc4
Be7 9. O-O O-O 10. Qe2 Qc7 11. Kh1 b5 12. Bd5 Bb7 13. Bxb7 Qxb7 14. a3 Rac8 15.
Nh4 Rfe8 16. Nf5 Bf8 17. Qf3 Kh8 18. Re1 a5 19. Be3 Rc4 20. Ng3 Qc6 21. Bd2
exf4 22. Qxf4 b4 23. axb4 axb4 24. b3 Rxc3 25. Bxc3 Qxc3 26. Nf5 Rxe4 27. Qf1
Rxe1 28. Rxe1 g6 29. Ne3 d5 30. Re2 Kg7 0-1

[Event "Kaupthing Open Differdange"]
[Site "Differdange"]
[Date "2007.07.08"]
[Round "2.41"]
[White "Daubenfeld, Gilles"]
[Black "Boyarchenko, Alex"]
[Result "1-0"]
[WhiteElo "2158"]
[BlackElo "1952"]
[PlyCount "145"]
[EventType "swiss"]
[EventCountry "LUX"]

1. e4 c6 2. d4 d5 3. Nc3 dxe4 4. Nxe4 Bf5 5. Ng3 Bg6 6. h4 h6 7. Nf3 Nd7 8. h5
Bh7 9. Bd3 Bxd3 10. Qxd3 e6 11. Bd2 Qc7 12. O-O-O Ngf6 13. Ne4 O-O-O 14. g3 Nc5
15. Nxc5 Bxc5 16. c4 Be7 17. Qe2 c5 18. Bc3 Kb8 19. Kb1 Ka8 20. Rde1 cxd4 21.
Nxd4 Bc5 22. Nb5 Qb6 23. Be5 Rc8 24. Rd1 a6 25. Nd6 Bxd6 26. Rxd6 Qc5 27. Rh4
Rhd8 28. Rdd4 Rd5 29. Rxd5 exd5 30. Bxf6 gxf6 31. b3 d4 32. Qd3 Rd8 33. Kb2 Qe5
34. Rf4 Rd6 35. Rf5 Qe1 36. Ka3 Qc1+ 37. Ka4 Qc3 38. Rf3 Qe1 39. Rf5 Rb6 40.
Ka3 Qc1+ 41. Ka4 Qa1 42. Qd2 Rd6 43. Rd5 Qc3 44. Qxc3 dxc3 45. Ka3 Re6 46. Rd3
c2 47. Kb2 Re2 48. Rf3 Re6 49. Kxc2 Ka7 50. Kd3 Kb6 51. Rf5 Kc6 52. Kd4 b6 53.
b4 Rd6+ 54. Rd5 Re6 55. a4 Re2 56. Rf5 Rd2+ 57. Ke4 Re2+ 58. Kd4 Re6 59. a5
Rd6+ 60. Ke4 Re6+ 61. Kd4 Kc7 62. axb6+ Kxb6 63. Kd5 Kb7 64. Rf4 Re5+ 65. Kd6
Re6+ 66. Kd7 Rb6 67. c5 Rc6 68. Rf5 Re6 69. Rd5 Rc6 70. Ke7 Re6+ 71. Kxf7 Re4
72. Rd7+ Kc6 73. Rd6+ 1-0

[Event "Kaupthing Open Differdange"]
[Site "Differdange"]
[Date "2007.07.08"]
[Round "2.43"]
[White "Stull, Norbert"]
[Black "Musholt, Joachim"]
[Result "1-0"]
[WhiteElo "2134"]
[BlackElo "1942"]
[PlyCount "89"]
[EventType "swiss"]
[EventCountry "LUX"]

1. d4 Nf6 2. c4 g6 3. Nc3 Bg7 4. e4 d6 5. Nf3 O-O 6. Be2 e5 7. O-O Nc6 8. d5
Ne7 9. Ne1 a5 10. Be3 Nd7 11. Nd3 f5 12. f3 f4 13. Bf2 b6 14. Nb5 Nf6 15. Be1
g5 16. Nf2 h5 17. h3 Kh7 18. a4 Neg8 19. b4 axb4 20. Bxb4 Bd7 21. a5 Bxb5 22.
cxb5 Rf7 23. axb6 Rxa1 24. bxc7 Qxc7 25. Qxa1 Bf8 26. Rc1 Qb6 27. Rc6 Qe3 28.
Qb2 g4 29. hxg4 hxg4 30. fxg4 Nxe4 31. Bd3 Ngf6 32. Qc2 Kg8 33. Bxe4 Ra7 34.
Ra6 Nxg4 35. Bf3 Nf6 36. Rxa7 Qxa7 37. Qg6+ Bg7 38. Bxd6 Qa1+ 39. Kh2 Qe1 40.
Qc2 e4 41. Qc8+ Kh7 42. Qf5+ Kh8 43. Nxe4 Nxd5 44. Qh5+ Kg8 45. Qxd5+ 1-0

[Event "Kaupthing Open Differdange"]
[Site "Differdange"]
[Date "2007.07.08"]
[Round "3.2"]
[White "Feller, Sebastien"]
[Black "Kritz, Leonid"]
[Result "1/2-1/2"]
[WhiteElo "2478"]
[BlackElo "2571"]
[PlyCount "21"]
[EventType "swiss"]
[EventCountry "LUX"]

1. d4 d5 2. c4 c6 3. Nf3 Nf6 4. Nc3 a6 5. c5 Bf5 6. Bf4 Nbd7 7. e3 Nh5 8. Be5
Nhf6 9. Bf4 Nh5 10. Be5 Nhf6 11. Bf4 1/2-1/2